<?xml version="1.0" encoding="UTF-8"?>
<record
    xmlns:xsi="http://www.w3.org/2001/XMLSchema-instance"
    xsi:schemaLocation="http://www.loc.gov/MARC21/slim http://www.loc.gov/standards/marcxml/schema/MARC21slim.xsd"
    xmlns="http://www.loc.gov/MARC21/slim">

  <leader>03235cam a22003615i 4500</leader>
  <datafield tag="999" ind1=" " ind2=" ">
    <subfield code="c">27733</subfield>
    <subfield code="d">27704</subfield>
  </datafield>
  <controlfield tag="001">15854458</controlfield>
  <controlfield tag="003">EG-ScBUE</controlfield>
  <controlfield tag="005">20191104151552.0</controlfield>
  <controlfield tag="008">090805s2021    enka   f b    001 0 eng d</controlfield>
  <datafield tag="020" ind1=" " ind2=" ">
    <subfield code="a">9780194422543 (pbk.)</subfield>
  </datafield>
  <datafield tag="020" ind1=" " ind2=" ">
    <subfield code="a">0194422542 (pbk.)</subfield>
  </datafield>
  <datafield tag="035" ind1=" " ind2=" ">
    <subfield code="a">(OCoLC)ocn173718620</subfield>
  </datafield>
  <datafield tag="040" ind1=" " ind2=" ">
    <subfield code="a">UKM</subfield>
    <subfield code="b">eng</subfield>
    <subfield code="e">rda</subfield>
    <subfield code="c">UKM</subfield>
    <subfield code="d">YDXCP</subfield>
    <subfield code="d">BAKER</subfield>
    <subfield code="d">BTCTA</subfield>
    <subfield code="d">RCS</subfield>
    <subfield code="d">NDD</subfield>
    <subfield code="d">COO</subfield>
    <subfield code="d">IXA</subfield>
    <subfield code="d">NLGGC</subfield>
    <subfield code="d">CDX</subfield>
    <subfield code="d">PMC</subfield>
    <subfield code="d">TVG</subfield>
    <subfield code="d">DLC</subfield>
    <subfield code="d">EG-ScBUE</subfield>
  </datafield>
  <datafield tag="082" ind1="0" ind2="4">
    <subfield code="a">418.0071</subfield>
    <subfield code="b">LAN</subfield>
    <subfield code="2">22</subfield>
  </datafield>
  <datafield tag="245" ind1="0" ind2="0">
    <subfield code="a">Language learner strategies :</subfield>
    <subfield code="b">thirty years of research and practice /</subfield>
    <subfield code="c">edited by Andrew D. Cohen and Ernesto Macaro.</subfield>
  </datafield>
  <datafield tag="264" ind1=" " ind2="1">
    <subfield code="a">Oxford ;</subfield>
    <subfield code="a">New York :</subfield>
    <subfield code="b"> Oxford University Press,</subfield>
    <subfield code="c">2021.</subfield>
  </datafield>
  <datafield tag="300" ind1=" " ind2=" ">
    <subfield code="a">viii, 412 pages :</subfield>
    <subfield code="b">illustrations ;</subfield>
    <subfield code="c">24 cm.</subfield>
  </datafield>
  <datafield tag="336" ind1=" " ind2=" ">
    <subfield code="a">text</subfield>
    <subfield code="b">txt</subfield>
    <subfield code="2">rdacontent</subfield>
  </datafield>
  <datafield tag="337" ind1=" " ind2=" ">
    <subfield code="a">unmediated</subfield>
    <subfield code="b">n</subfield>
    <subfield code="2">rdamedia</subfield>
  </datafield>
  <datafield tag="338" ind1=" " ind2=" ">
    <subfield code="a">volume</subfield>
    <subfield code="b">nc</subfield>
    <subfield code="2">rdacarrier</subfield>
  </datafield>
  <datafield tag="490" ind1="0" ind2=" ">
    <subfield code="a">Oxford applied linguistics</subfield>
  </datafield>
  <datafield tag="504" ind1=" " ind2=" ">
    <subfield code="a">Includes bibliographical references and index.</subfield>
  </datafield>
  <datafield tag="505" ind1="0" ind2=" ">
    <subfield code="a">Claims and critiques / Mike Grenfell and Ernesto Macaro -- Coming to terms with language learner strategies : surveying the experts / Andrew D. Cohen -- Bridging the gap between psychological and sociocultural perspectives on L2 learner strategies / Rebecca L. Oxford and Karen Schramm -- Applying strategies to contexts : the role of individual, situational, and group differences / Osamu Takeuchi, Carol Griffiths, and Do Coyle -- Research methods in strategy research : re-examining the toolbox / Cynthia White, Karen Schramm, and Anna Uhl Chamot -- L2 grammar strategeis : the second Cinderella and beyond / Rebecca L. Oxford and Kyoung Rang Lee with Gloria Park -- Intervening in the use of strategies / Joan Rubin ... [et al.] -- An introduction to systematic reviewing / Ernesto Macaro and Andrew D. Cohen -- A review of listening strategies : focus on sources of knowledge and on success / Ernesto Macaro, Suzanne Graham, and Robert Vanderplank -- A review of reading strategies : focus on the impact of first language / Lynn Erler and Claudia Finkbeiner -- A review of oral communication strategies : focus on interactionist and psycholinguistic perspectives / Yasuo Nakatani and Christine Goh -- A review of writing strategies : focus on conceptualizations and impact of first language / Rosa M. Manch&#xFFFD;on, Julio Roca de Larios, and Liz Murphy -- A review of vocabulary learning strategies : focus on language proficiency and learner voice / Martha Nyikos and May Fan.</subfield>
  </datafield>
  <datafield tag="520" ind1=" " ind2=" ">
    <subfield code="a">Research into language learner strategies has the fundamental goal of improving the teaching and learning of second languages. This book explores the notion that the reason some learners of second languages excel and others struggle lies in what the learners themselves do-the strategies they bring to language learning and to language use. Name of series: Oxford Applied Linguistics.
</subfield>
  </datafield>
  <datafield tag="650" ind1=" " ind2="7">
    <subfield code="a">Second language acquisition.</subfield>
    <subfield code="2">BUEsh</subfield>
  </datafield>
  <datafield tag="650" ind1=" " ind2="7">
    <subfield code="a">Language and languages</subfield>
    <subfield code="x">Study and teaching.</subfield>
    <subfield code="2">BUEsh</subfield>
  </datafield>
  <datafield tag="653" ind1=" " ind2=" ">
    <subfield code="b">HHUUEENN</subfield>
    <subfield code="c">November2019</subfield>
  </datafield>
  <datafield tag="655" ind1=" " ind2=" ">
    <subfield code="v">Reading book</subfield>
  </datafield>
  <datafield tag="700" ind1="1" ind2=" ">
    <subfield code="a">Cohen, Andrew D.</subfield>
    <subfield code="e">editor.</subfield>
  </datafield>
  <datafield tag="700" ind1="1" ind2=" ">
    <subfield code="a">Macaro, Ernesto,</subfield>
    <subfield code="e">editor.</subfield>
  </datafield>
  <datafield tag="856" ind1="4" ind2="2">
    <subfield code="3">For all your testing needs online </subfield>
    <subfield code="u">https://www.oxfordenglishtesting.com/DefaultMR.aspx?id=3034&amp;menuId=1</subfield>
  </datafield>
  <datafield tag="942" ind1=" " ind2=" ">
    <subfield code="2">ddc</subfield>
    <subfield code="c">BB</subfield>
  </datafield>
  <datafield tag="952" ind1=" " ind2=" ">
    <subfield code="0">0</subfield>
    <subfield code="1">0</subfield>
    <subfield code="2">ddc</subfield>
    <subfield code="4">0</subfield>
    <subfield code="7">0</subfield>
    <subfield code="8">Baccah</subfield>
    <subfield code="a">MAIN</subfield>
    <subfield code="b">MAIN</subfield>
    <subfield code="c">2ND</subfield>
    <subfield code="d">2019-11-04</subfield>
    <subfield code="e">Purchase</subfield>
    <subfield code="g">420.00</subfield>
    <subfield code="l">0</subfield>
    <subfield code="o">418.0071 LAN</subfield>
    <subfield code="p">000048196</subfield>
    <subfield code="r">2025-07-15 00:00:00</subfield>
    <subfield code="v">525.00</subfield>
    <subfield code="w">2019-11-04</subfield>
    <subfield code="y">BB</subfield>
  </datafield>
</record>
